| 000 | 00960nam a2200277 a 4500 | ||
|---|---|---|---|
| 001 | 000028484 | ||
| 003 | DO-SdBNP | ||
| 005 | 20250307073710.0 | ||
| 008 | 110408s2010 dr 001 0 spa d | ||
| 020 | _a9789945074062 | ||
| 040 |
_aDO-SdBNP _bspa _cBNPHU |
||
| 082 |
_a928.61 _bP438p |
||
| 100 | 1 |
_aPérez, Odalís _d1952- _923828 |
|
| 245 | 1 | 0 |
_aPedro Henríquez Ureña. Historia cultural, historiografía y crítica literaria / _cOdalis G. Pérez. |
| 260 |
_aSanto Domingo : _bBúho, _c2010. |
||
| 300 |
_a335 p. ; _c24 cm. |
||
| 490 | 1 |
_aArchivo General de la Nación _v114 |
|
| 500 | _aIncluye índice onomástico | ||
| 500 | _aIncluye datos del autor en las solapas | ||
| 504 | _aBibliografía: p. 44-45 | ||
| 590 | _aInventariado, 2021 /DG | ||
| 600 | 1 | 0 |
_aHenríquez Ureña, Pedro, _d1884-1946 _xCrítica e interpretación _91718 |
| 650 | 0 |
_aLiteratura dominicana. _967 |
|
| 910 | _aValidado. Control de calidad MFF | ||
| 942 |
_2ddc _cLBS1 |
||
| 999 |
_c27976 _d27976 |
||